Az oktatási folyamat korszerűsítésének elvi kérdései

Elmentve itt :
Bibliográfiai részletek
Szerző: Jósa Zoltán
Dokumentumtípus: Cikk
Megjelent: 1964
Sorozat:Módszertani közlemények 4 No. 2
Kulcsszavak:Neveléstudomány
Online Access:http://acta.bibl.u-szeged.hu/25666
LEADER 00626nab a2200181 i 4500
001 acta25666
005 20210225104242.0
008 161017s1964 hu o 0|| hun d
022 |a 0544-7224 
040 |a SZTE Egyetemi Kiadványok Repozitórium  |b hun 
041 |a hun 
100 1 |a Jósa Zoltán 
245 1 3 |a Az oktatási folyamat korszerűsítésének elvi kérdései  |h [elektronikus dokumentum] /  |c  Jósa Zoltán 
260 |c 1964 
300 |a 124-129 
490 0 |a Módszertani közlemények  |v 4 No. 2 
695 |a Neveléstudomány 
856 4 0 |u http://acta.bibl.u-szeged.hu/25666/1/modszertani_004_002_124-129.pdf  |z Dokumentum-elérés